[Event "Quebec op U2000"]
[Site "Montreal"]
[Date "2008.07.27"]
[Round "9"]
[White "Shah, Omaray M"]
[Black "Kayembe, Doris"]
[Result "1-0"]
[WhiteElo "1904"]
[BlackElo "1965"]
[PlyCount "87"]
[EventDate "2008.07.19"]
[EventType "swiss"]
[EventRounds "8"]
[EventCountry "CAN"]
[SourceTitle "EXT 2022"]
[Source "ChessBase"]
[SourceDate "2021.10.06"]
[SourceVersion "1"]
[SourceVersionDate "2021.10.06"]
[SourceQuality "1"]

1. e4 d5 2. exd5 Qxd5 3. Nc3 Qd6 4. Be2 Nf6 5. d4 a6 6. Be3 Qb4 7. Qd2 Qxb2 8. Rb1 Qa3 9. Bf3 c6 10. Nge2 e6 11. 0-0 Be7 12. Ng3 Qa5 13. Nge4 Nxe4 14. Bxe4 Nd7 15. Qd3 Qc7 16. Qe2 0-0 17. Bd3 c5 18. Ne4 cxd4 19. Bxd4 e5 20. Ba1 b5 21. h4 f5 22. Ng3 e4 23. Nxe4 fxe4 24. Qxe4 Nf6 25. Bxf6 Bxf6 26. Qxh7+ Kf7 27. Bg6+ Ke7 28. Rfe1+ Kd6 29. Rbd1+ Kc5 30. Be4 Bb7 31. Bxb7 Qxb7 32. Qf5+ Kb6 33. Qe6+ Ka5 34. Rd3 Rfe8 35. Ra3+ Kb4 36. Qd6+ Kc4 37. Rb1 a5 38. Rxa5 Re1+ 39. Rxe1 Rxa5 40. a3 Ra4 41. Rd1 b4 42. Qd3+ Kc5 43. Qd6+ Kc4 44. Qd3+ 1-0

[Event "Quebec-op U2000"]
[Site "Montreal"]
[Date "2006.07.12"]
[Round "6"]
[White "Menard, Dominic"]
[Black "Kayembe, Doris"]
[Result "1-0"]
[WhiteElo "1926"]
[BlackElo "1772"]
[PlyCount "33"]
[EventDate "2006.07.07"]
[EventType "swiss"]
[EventRounds "9"]
[EventCountry "CAN"]
[SourceTitle "CBM 113 Extra"]
[Source "ChessBase"]
[SourceDate "2006.09.14"]
[SourceVersion "1"]
[SourceVersionDate "2006.09.14"]
[SourceQuality "1"]

1. d4 d5 2. Nf3 Nf6 3. c4 c6 4. Nc3 a6 5. cxd5 cxd5 6. Bf4 Nc6 7. e3 Bg4 8. Be2 e6 9. Qb3 b5 10. Nxb5 e5 11. dxe5 Qa5+ 12. Kf1 axb5 13. Bxb5 Rc8 14. exf6 Bd7 15. Qxd5 gxf6 16. Nd4 Qb6 17. Rc1 1-0

[Event "Montreal Futurity qual 3rd"]
[Site "Montreal"]
[Date "2003.04.05"]
[Round "3"]
[White "Malveau, Cedric"]
[Black "Kayembe, Doris"]
[Result "1-0"]
[WhiteElo "1882"]
[BlackElo "1887"]
[PlyCount "89"]
[EventDate "2003.04.??"]
[EventType "swiss"]
[EventRounds "5"]
[EventCountry "CAN"]
[SourceTitle "EXT 2006"]
[Source "ChessBase"]
[SourceDate "2005.11.24"]
[SourceVersion "1"]
[SourceVersionDate "2005.11.24"]
[SourceQuality "1"]

1. d4 d5 2. c4 c6 3. Nf3 Nf6 4. Nc3 a6 5. cxd5 cxd5 6. Bf4 Nc6 7. e3 e6 8. a3 Qb6 9. Qc2 Bd7 10. Bd3 Rc8 11. 0-0 Be7 12. Rac1 Na5 13. Ne5 Nb3 14. Rcd1 h6 15. Bg6 0-0 16. Bxf7+ Rxf7 17. Qg6 Be8 18. Bxh6 Nh5 19. Nxd5 Qd6 20. Nxf7 Bxf7 21. Nxe7+ Qxe7 22. Qg4 Qf6 23. Bg5 Qg6 24. h4 Nf6 25. Qf4 Ne4 26. f3 Nxg5 27. Qxg5 Qc2 28. f4 Qe2 29. Rde1 Qxb2 30. f5 exf5 31. Qxf5 Rc7 32. h5 Qxa3 33. Rf2 Qa5 34. Ref1 Qxf5 35. Rxf5 a5 36. R1f3 Bc4 37. Rf8+ Kh7 38. g4 g6 39. hxg6+ Kxg6 40. Kg2 a4 41. Kg3 Re7 42. R8f6+ Kg7 43. Kh4 Rxe3 44. Kg5 Nxd4 45. Rg6+ 1-0

[Event "Quebec op U2000"]
[Site "Montreal"]
[Date "2001.07.21"]
[Round "1"]
[White "Kayembe, Doris"]
[Black "Desmarais, Emmanuel"]
[Result "0-1"]
[WhiteElo "1817"]
[BlackElo "1955"]
[PlyCount "112"]
[EventDate "2001.07.21"]
[EventType "swiss"]
[EventRounds "9"]
[EventCountry "CAN"]
[SourceTitle "EXT 2022"]
[Source "ChessBase"]
[SourceDate "2021.10.06"]
[SourceVersion "1"]
[SourceVersionDate "2021.10.06"]
[SourceQuality "1"]

1. e4 c6 2. Nc3 d5 3. d4 dxe4 4. Nxe4 Bf5 5. Ng3 Bg6 6. Nf3 Nd7 7. Bc4 Ngf6 8. Qe2 e6 9. Bg5 Qa5+ 10. c3 Nd5 11. 0-0 Qc7 12. Rfe1 h6 13. Bd2 Bd6 14. Rac1 0-0 15. Ne5 Nxe5 16. dxe5 Be7 17. Bxd5 cxd5 18. c4 Qd7 19. Red1 Rac8 20. Qg4 Qa4 21. b3 Qxa2 22. cxd5 Rxc1 23. Bxc1 exd5 24. e6 Qxb3 25. exf7+ Rxf7 26. Bxh6 Bc5 27. Rc1 Bxf2+ 28. Kh1 Qd3 29. Rc8+ Rf8 30. Rxf8+ Kxf8 31. Qf4+ Kg8 32. Qxf2 Qd1+ 33. Nf1 gxh6 34. Qf6 Qd3 35. Kg1 Qe4 36. h3 d4 37. Ng3 Qe3+ 38. Kh2 Kh7 39. h4 h5 40. Nf1 Qe4 41. Ng3 Qd5 42. Ne2 d3 43. Qxg6+ Kxg6 44. Nf4+ Kf5 45. Nxd5 a5 46. Kg3 Ke4 47. Nc3+ Ke3 48. Nd1+ Ke2 49. Nc3+ Ke3 50. Nd1+ Kd2 51. Nb2 Kc2 52. Nc4 d2 53. Kf2 a4 54. g4 d1Q 55. Ne3+ Kd2 56. Nxd1 a3 0-1